Examen national par les pairs Pays-Bas

Saved in:
Bibliographic Details
Corporate Author: OECD. European Conference of Ministers of Transport
Format: Book
Language:French
Published: Paris OECD/CEMT 2001
Subjects:
Tags: Add Tag
No Tags, Be the first to tag this record!

MARC

LEADER 00000nam a2200000 4500
001 c130223
005 20221221091459.2
020 |a 92-821-2328-6 
041 0 |a fre 
044 |a FR 
245 1 0 |a Examen national par les pairs  |b Pays-Bas 
264 1 |a Paris  |b OECD/CEMT  |c 2001 
300 |a 95 s. 
610 2 0 |a doprava 
610 2 0 |a politika dopravná 
610 2 0 |a hospodárstvo dopravné 
610 2 0 |a politika environmentálna 
610 2 0 |a ochrana prostredia životného 
610 2 0 |a svet 
610 2 0 |a OECD 
610 2 0 |a CEMT 
710 2 |a OECD. European Conference of Ministers of Transport